01299nas a2200301 4500001001300000003000900013005001700022007000300039008003400042040005400076041000900130072000800139100001900147100002100166245016400187246013600351650001300487650002800500650002800528650001300556650001500569773009800584856008100682909004000763942001800803999001900821952015700840BR2013008176BR-BrBNA20231205123106.0ta230509b bl.|||p| |||| 00| 00por d aBR-BrBNAbporcBiblioteca Nacional de Agricultura a(Pt) aK101 aCarvalho, F.A.1 aNascimento, M.T.1 aEstrutura diamétrica da comunidade e das principais populações arbóreas de um remanescente de Floresta Atlântica Submontana (Silva Jardim-RJ, Brasil)1 aDiametric structure of a tree community and its main populations in a sub-montane atlantic forest remnant (Silva Jardim-RJ, Brazil) aFLORESTA aPOPULAÇÃO DE PLANTA aESTRUTURA DEMOGRÁFICA aÁRVORE aDIÂMETRO0 tRevista Árvore (Brazil)xISSN 0100-6762 g(Mar-Apr 2009), v. 33(2) p. 327-337wBR20130081764 uhttp://www.scielo.br/pdf/rarv/v33n2/a14v33n2.pdfyRecurso eletrônico (PDF) a202311bLúciac55dLúcia Elande 2AGRISn0cANA c232136d232136 002AGRIS4071a41918b41918cPeriódicos Agrícolash(Mar-Apr 2009), v. 33(2) p. 327-337l0r2023-11-29t01yCRePortaria Interministerial nº 164/94